| Поле | Название | Значение |
| |
Тип записи |
a |
| |
Библиографический уровень |
m |
| 001 |
Контрольный номер |
UONB/MAIN/e07a9732e4fc41059b701d23eef8ad30 |
| 005 |
Дата корректировки |
20260422152128.8 |
| 010 |
Индекс ISBN |
__ |
| a |
ISBN |
5-269-00333-3 |
| d |
Цена |
1 р. 60 к. |
| 9 |
Тираж |
1500 экз. |
| 100 |
Данные общей обработки |
__ |
| a |
Данные общей обработки |
20260422d1989 u y0rusy018902 ca |
| 101 |
Язык документа |
0_ |
| a |
Язык текста |
rus |
| 102 |
Страна публикации |
__ |
| a |
Страна публикации |
RU |
| 105 |
Кодированные данные (монография) |
__ |
| a |
Кодированные данные (монография) |
a z 000zc |
| 200 |
Заглавие и сведения об ответственности |
1_ |
| a |
Заглавие |
Элибекяны |
| e |
Сведения, относящиеся к заглавию |
каталог выставки |
| f |
Первые сведения об ответственности |
Союз художников СССР, Союз художников Армянской ССР, Государственный музей искусства народов Востока |
| g |
Последующие сведения об ответственности |
составители Н. В. Апчинская, М. М. Милишникова |
| g |
Последующие сведения об ответственности |
вступительная статья Н. В. Апчинской |
| 210 |
Выходные данные |
1_ |
| a |
Место издания |
Москва |
| c |
Издательство |
Советский художник |
| d |
Дата издания |
1989 |
| 215 |
Физическое описание |
__ |
| a |
Объем |
[87] с. |
| c |
Иллюстрации/тип воспроизводства |
ил., цв. ил. |
| d |
Формат |
28 см |
| 600 |
Персоналии |
_1 |
| a |
Персоналии (Фамилия) |
Элибекян |
| b |
Персоналии (Имя, инициалы) |
В. |
| g |
Полное имя |
Варгаш |
| 600 |
Персоналии |
_1 |
| a |
Персоналии (Фамилия) |
Элибекян |
| b |
Персоналии (Имя, инициалы) |
Г. В. |
| g |
Полное имя |
Генрих Варгашович |
| 600 |
Персоналии |
_1 |
| a |
Персоналии (Фамилия) |
Элибекян |
| b |
Персоналии (Имя, инициалы) |
Р. В. |
| g |
Полное имя |
Роберт Варгашович |
| 606 |
Тематические рубрики |
0_ |
| a |
Основная рубрика |
Армянская советская живопись |
| x |
Основная подрубрика |
Выставки |
| y |
Географическая подрубрика |
Москва |
| z |
Хронологическая подрубрика |
1989 |
| 606 |
Тематические рубрики |
0_ |
| a |
Основная рубрика |
Театрально-декорационное искусство армянское советское |
| x |
Основная подрубрика |
Выставки |
| y |
Географическая подрубрика |
Москва |
| z |
Хронологическая подрубрика |
1989 |
| 610 |
Ключевые слова |
0_ |
| a |
Ключевые слова |
армянская советская живопись; театрально-декорационное искусство армянское советское; выставки 1989 Москва |
| 686 |
Индексы других классификаций |
__ |
| a |
Классификационный индекс |
85.143(2)7-8 |
| 2 |
Код системы |
rubbk |
| 702 |
Вторичная интеллектуальная ответственность |
_1 |
| a |
Фамилия |
Апчинская |
| b |
Имя (инициалы) |
Н. В. |
| 4 |
Код отношения |
220 |
| 4 |
Код отношения |
080 |
| 702 |
Вторичная интеллектуальная ответственность |
_1 |
| a |
Фамилия |
Милишникова |
| b |
Имя (инициалы) |
М. М. |
| 4 |
Код отношения |
220 |
| 712 |
Наименование организации (Вторичная ответственность) |
02 |
| a |
Организация/ юрисдикция |
Союз художников СССР |
| a |
Организация/ юрисдикция |
Союз художников Армянской ССР |
| a |
Организация/ юрисдикция |
Государственный музей искусства народов Востока |
| 4 |
Код отношения |
570 |
| 801 |
Источник записи |
_0 |
| a |
Страна |
RU |
| b |
Организация |
Ульяновская ОНБ |
| c |
Дата составления |
20260422 |
| g |
Правила каталогизации |
RCR |
| 801 |
Источник записи |
_1 |
| a |
Страна |
RU |
| b |
Организация |
Ульяновская ОНБ |
| c |
Дата составления |
20260422 |
| g |
Правила каталогизации |
RCR |
| 901 |
Тип документа |
__ |
| t |
Тип документа |
m |
| 909 |
Создатель записи |
__ |
| a |
Создатель записи |
Мартьянова |
| b |
Дата создания записи |
20260422 |